Sports Quiz

Random Sports or War Quiz

MLB Single Season Defensive WAR Leaders Quiz Stats

 Plays Quiz not verified by Sporcle

Score 0/25 Timer 08:00
0 Plays Today
Team/Year Player % Correct
BAL/1968Brooks Robinson
90.9%
BAL/1967Brooks Robinson
90.9%
STL/1989Ozzie Smith
80.7%
ATL/2013Andrelton Simmons
74.4%
BAL/2013Manny Machado
67.1%
MIL/2013Carlos Gomez
60.3%
ANA/2002Darin Erstad
56.4%
BAL/1975Mark Belanger
49.3%
BAL/1973Mark Belanger
49.3%
BAL/1968Mark Belanger
49.3%
MON/1983Gary Carter
44.4%
PIT/2005Jack Wilson
43.6%
CHC/1908Joe Tinker
40.7%
Team/Year Player % Correct
ARI/2013Gerardo Parra
36.3%
NYM/1999Rey Ordonez
35%
STL/1927Frankie Frisch
30.8%
HOU/2006Adam Everett
24.8%
BSN/1914Rabbit Maranville
15.1%
PIT/1924Glenn Wright
13.1%
CLE/1906Terry Turner
8.9%
CIN/1943Eddie Miller
6.8%
CHW/1964Ron Hansen
6.5%
PHI/NYG/1920Dave Bancroft
6.3%
NYG/1917Art Fletcher
5.7%
NYG/1933Hughie Critz
3.4%

You're not logged in!

Compare scores with friends on all Sporcle quizzes.
OR
Log In

Show Comments

Extras

Top Quizzes Today


Score Distribution

Your Account Isn't Verified!

In order to create a playlist on Sporcle, you need to verify the email address you used during registration. Go to your Sporcle Settings to finish the process.

Report this User

Report this user for behavior that violates our Community Guidelines.

Details: